Honoré Daumier (Record no. 2553)

MARC details
000 -CABECERA
campo de control de longitud fija 00811nam a2200229 a 4500
001 - NÚMERO DE CONTROL
campo de control BRCA_2813
005 - FECHA Y HORA DE LA ÚLTIMA TRANSACCIÓN
campo de control 20190320204000.0
008 - DATOS DE LONGITUD FIJA--INFORMACIÓN GENERAL
campo de control de longitud fija 081208s1945----sz-a---###---#000-0#eng-u
050 #4 - SIGNATURA TOPOGRÁFICA DE LA BIBLIOTECA DEL CONGRESO
Número de clasificación NE2349
Número de documento/Ítem .W37 1945
100 1# - ENTRADA PRINCIPAL--NOMBRE DE PERSONA
Nombre de persona Daumier, Honoré
Fechas asociadas al nombre 1808-1879
9 (RLIN) 7891
245 10 - MENCIÓN DE TÍTULO
Título Honoré Daumier
Resto del título 240 lithographs
Mención de responsabilidad, etc. selected and introduced by Wilhem Wartmann ; tr. by Harry C. Schnur.
260 ## - PUBLICACIÓN, DISTRIBUCIÓN, ETC.
Lugar de publicación, distribución, etc. Zurich
Nombre del editor, distribuidor, etc. Manesse
Fecha de publicación, distribución, etc. 1945
300 ## - DESCRIPCIÓN FÍSICA
Extensión xli, 240 p.
Otras características físicas il.
Dimensiones 37 cm.
500 ## - NOTA GENERAL
Nota general Al final de la obra en la página xxxl-xli existe una traducción de los títulos en forma de cada litografía numérica
500 ## - NOTA GENERAL
Nota general AA106
650 14 - PUNTO DE ACCESO ADICIONAL DE MATERIA--TÉRMINO DE MATERIA
Término de materia o nombre geográfico como elemento de entrada Litógrafos franceses
9 (RLIN) 7892
650 14 - PUNTO DE ACCESO ADICIONAL DE MATERIA--TÉRMINO DE MATERIA
Término de materia o nombre geográfico como elemento de entrada Litografías francesas
9 (RLIN) 7893
700 1# - PUNTO DE ACCESO ADICIONAL--NOMBRE DE PERSONA
Nombre de persona Wartmann, Wilhem
9 (RLIN) 7894
700 1# - PUNTO DE ACCESO ADICIONAL--NOMBRE DE PERSONA
Nombre de persona Schnur, Harry C
Término indicativo de función/relación tr
9 (RLIN) 7895
902 ## - CATALOGADOR
Iniciales GFM
942 ## - ELEMENTOS DE PUNTO DE ACCESO ADICIONAL (KOHA)
Fuente del sistema de clasificación o colocación Library of Congress Classification
Tipo de ítem Koha Libros
Holdings
Estado de retiro Estado de pérdida Estado dañado No para préstamo Localización permanente Ubicación/localización actual Fecha de adquisición Número de inventario Total de préstamos Signatura topográfica completa Código de barras Fecha visto por última vez Precio válido a partir de Tipo de ítem Koha
El ejemplar forma parte de la colección y puede ser consultado según las políticas vigentes.       Biblioteca del Museo Franz Mayer (Rogerio Casas-Alatriste) Biblioteca del Museo Franz Mayer (Rogerio Casas-Alatriste) 08/12/2008 AA106   NE2349 .W37 1945 (AA106) 2810 22/03/2019 22/03/2019 Libros